|
|
|
|
| LEADER |
00578cam a2200169ua 4500 |
| 020 |
|
|
|a 81-7033-774-7
|
| 082 |
|
|
|a 300.723
|b VAU/S
|
| 100 |
0 |
|
|a Vans, D. A de
|
| 245 |
1 |
0 |
|a Surveys in social research /
|
| 260 |
|
|
|a Jaipur, New Delhi:
|b Rawat,
|c 2003.
|
| 300 |
|
|
|a xviii, 379p..
|
| 500 |
|
|
|a Includes glossary,bibliography, index.
|
| 650 |
|
|
|a Social Science- Research method
|
| 650 |
0 |
|
|a Research Methodology
|
| 942 |
|
|
|c BK
|
| 999 |
|
|
|c 12807
|d 12807
|
| 952 |
|
|
|0 0
|1 0
|4 0
|6 300_723000000000000_VAU
|7 0
|9 13357
|a KUCL
|b KUCL
|d 2014-05-23
|l 1
|o 300.723 VAU/
|p 16013
|r 2018-02-17
|s 2018-01-18
|w 2014-05-23
|y BK
|